Zmluva o dielo podľa Obchodného zákonníka
Dokončenie článku z HN č. 248/02 o zmluve o dielo. Povinnosti zhotoviteľa diela. Spôsob zhotovenia diela. Riadne a včasné vykonanie diela. Nebezpečenstvo škody na diele. Ako predísť nezrovnalostiam. Povinnosti objednávateľa.
Na minha lista:
| Autor principal: | |
|---|---|
| Formato: | Capítulo de Livro |
| Idioma: | eslovaco |
| Assuntos: | |
| Tags: |
Sem tags, seja o primeiro a adicionar uma tag!
|
MARC
| LEADER | 00000naa a2200000 4500 | ||
|---|---|---|---|
| 001 | r047420 | ||
| 005 | 20230925130426.5 | ||
| 041 | 0 | |a slo | |
| 044 | |a SK | ||
| 245 | 1 | 0 | |a Zmluva o dielo podľa Obchodného zákonníka |c Maroš Fekete |
| 520 | |a Dokončenie článku z HN č. 248/02 o zmluve o dielo. Povinnosti zhotoviteľa diela. Spôsob zhotovenia diela. Riadne a včasné vykonanie diela. Nebezpečenstvo škody na diele. Ako predísť nezrovnalostiam. Povinnosti objednávateľa. | ||
| 610 | 2 | 0 | |a zmluvy o dielo |
| 610 | 2 | 0 | |a zmluvy kúpne |
| 610 | 2 | 0 | |a vzťahy obchodné |
| 610 | 2 | 0 | |a zákonník obchodný |
| 100 | 1 | |a Fekete, Maroš | |